| 000 | 01762cam a22004094i 4500 | ||
|---|---|---|---|
| 003 | PE-LiUPU | ||
| 005 | 20250731183405.0 | ||
| 008 | 171120s2002 sp a r0 000 0 ing d | ||
| 020 | _a9788492049523 | ||
| 035 | _a(Sirsi) a240123 | ||
| 040 |
_aPE-LIUPU _bspa _cPE-LIUPU _erda |
||
| 082 | 0 | 4 |
_a711.4094 _bC83 _221 |
| 245 | 0 | 0 |
_aNew working and living conditions in cities / _ceditor Xavier Costa. |
| 264 |
_aBarcelona : _bCulture 2000, _c2002. |
||
| 300 |
_a207 páginas : _bilustraciones ; _c21 centímetros |
||
| 336 |
_atext _2rdacontent |
||
| 337 |
_aunmediated _2rdamedia |
||
| 338 |
_avolume _2rdacarrier |
||
| 505 | 0 | _aTexts in original language -- Contra el rapto de Europa -- Patrimonio arquitectónico o parque temático -- Constituer l´espace des croisenments culturels euroméditerranéens -- Disegnare, pezzo a pezzo, il futuro. Nuovi progetti per la cittá storica -- Onderhuids duelleren -- Lacunes lagunaires: venise métropole -- Venitian experience. | |
| 526 | _aP158 | ||
| 526 | _aP146 | ||
| 526 | _aP17 | ||
| 526 | _aP12 | ||
| 526 | _aP06 | ||
| 526 | 8 |
_iPrograma académico : _5PE-LiUPU |
|
| 541 | _g003-1757; | ||
| 650 | 0 | 4 | _aArquitectura europea. |
| 650 | 0 | 4 | _aArquitectura moderna. |
| 650 | 0 | 4 | _aEuropean architecture. |
| 650 | 0 | 4 | _aModern architecture. |
| 710 | 2 | _aBerlage Institute. | |
| 710 | 2 | _aInstituto Universitario di Architettura di Venezia. | |
| 910 |
_adbm _bksl _cksl _d20171117 |
||
| 596 | _a1 | ||
| 942 |
_2ddc _cBOOK |
||
| 999 |
_a711.4094 C83 _wLC _c25785 _i77064 _f2021-11-9 _g4 _lCCODEBUL1 _mBUL _p44.05 _r0 _sY _tBOOK _u2017-11-17 _xINGENIERIA _PP06 _0COMPRA _o.STAFF. Colección Ingeniería y Arquitectura _d25785 |
||
| 980 |
_81 _gALBERTO SANCHEZ Responsable de Automatización |
||